| 000 | 00814cam a22002772 4500 | ||
|---|---|---|---|
| 001 | 12865 | ||
| 003 | BD-RjUL | ||
| 005 | 20211208235352.0 | ||
| 008 | 140129r19481938enka 001 0 eng | ||
| 035 |
_a(BD-RjUL)12915 _aOCLC ocm03467854 from D971028M |
||
| 040 |
_aDLC _cGAT _dBD-RjUL _beng |
||
| 041 | _aeng | ||
| 082 | 0 | 4 |
_219 _a621.3192 _bSTE 1948 |
| 100 | 1 |
_aStarr, A. T. _q(Arthur Tisso). _940085 |
|
| 245 | 1 | 0 |
_aElectric circuits and wave filters / _cA. T. Starr. |
| 250 | _a2d ed. | ||
| 260 |
_aLondon : _bPitman, _cc1938 [reprint 1948]. |
||
| 300 |
_axii, 475 p. : _billus. ; _c22 cm. |
||
| 490 | 1 | _aSpecialists' series | |
| 504 | _aInclude index. | ||
| 650 | 0 |
_aElectric circuits. _940086 |
|
| 650 | 0 |
_aElectric filters. _939744 |
|
| 942 |
_2ddc _cBK |
||
| 999 |
_c12865 _d12865 |
||